|
|
|
|
| LEADER |
00867pam a22002538a 4500 |
| 001 |
00041225 |
| 005 |
20180405160409.0 |
| 008 |
110423s2000 ||||||Viesd |
| 020 |
# |
# |
|a 978 604 53 9612 4
|c 219000
|
| 041 |
0 |
# |
|a Vie
|
| 082 |
1 |
4 |
|a 320.12
|b S550M
|
| 100 |
0 |
# |
|a D.Kaplan, Robert
|
| 245 |
0 |
0 |
|b Từ khởi thủy đến cuối thế kỷ XIX
|c Robert D.kaplan; Đào Đình Bắc
|a Sự Minh định của địa lý
|
| 260 |
# |
# |
|a Hà Hội
|b Hội nhà văn
|c 2000
|
| 300 |
# |
# |
|a 473tr.
|c 24 cm.
|
| 653 |
# |
# |
|a Chính trị
|
| 653 |
# |
# |
|a Địa chính trị
|
| 653 |
# |
# |
|a lịch sử
|
| 653 |
# |
# |
|a Xung đột
|
| 653 |
# |
# |
|a ghi chép
|
| 700 |
1 |
# |
|a Đào, Đình Bắc
|e dịch
|
| 852 |
# |
# |
|j KD.0023370
|j KM.0024632
|
| 910 |
|
|
|d 05/04/2018
|
| 980 |
# |
# |
|a Trung tâm Học liệu Lê Vũ Hùng, Trường Đại học Đồng Tháp
|